000 00360nam a2200157Ia 4500
003 OSt
008 191201s2010 xx 000 0 und d
082 _a681.2
_bBEM
100 _aBECKWITH, Thomas G
245 0 _aMechanical Measurements
250 _aIMP 3rd
260 _aNew Delhi
_bPearson
_c2010
300 _a783
650 _aB.Tech(ME)
942 _2ddc
_cBK
999 _c4416
_d4416